|
|
|
|
| LEADER |
00706cam a2200217 7i4500 |
| 001 |
0000034888 |
| 005 |
20180313090000.0 |
| 007 |
##ta |
| 008 |
180313 |
| 040 |
# |
# |
|a MATR
|
| 090 |
0 |
0 |
|a I 330.0917671
|b STA
|
| 245 |
0 |
0 |
|a STATE OF THE GLOBAL ISLAMIC ECONOMY REPORT 2016/17.
|
| 264 |
# |
1 |
|a [Place of publication not identified]:
|b [publisher not identified],
|c 2016.
|
| 300 |
# |
# |
|a 214 pages:
|b illustrations;
|c 30 cm.
|
| 336 |
# |
# |
|a text
|2 rdacontent
|
| 337 |
# |
# |
|a unmediated
|2 rdamedia
|
| 338 |
# |
# |
|a volume
|2 rdacarrier
|
| 650 |
# |
0 |
|a Economic history
|
| 650 |
# |
0 |
|a Economics Islamic countries
|
| 650 |
# |
0 |
|a Islamic countries --
|x Economic conditions
|
| 999 |
|
|
|a 0000038738
|b Book
|c International
|e Business Information Centre
|